ბათუმის შოთა რუსთაველის სახელმწიფო უნივერსიტეტის ბიბლიოთეკა

Физическая химия. (ბიბ.ჩანაწერი № 49447)

000 -LEADER
fixed length control field 00750nam a2200277Ia 4500
001 - CONTROL NUMBER
control field 16370
003 - CONTROL NUMBER IDENTIFIER
control field GE_BSU
008 - FIXED-LENGTH DATA ELEMENTS--GENERAL INFORMATION
fixed length control field 181216s||||||||xx |||||||||||||| ||und||
020 ## - INTERNATIONAL STANDARD BOOK NUMBER
International Standard Book Number 978506006161
040 ## - CATALOGING SOURCE
Transcribing agency GE_BSU
080 ## - UNIVERSAL DECIMAL CLASSIFICATION NUMBER
Universal Decimal Classification number 541(075.8)
100 ## - MAIN ENTRY--PERSONAL NAME
Personal name Стромберг,А.Г.
245 ## - TITLE STATEMENT
Title Физическая химия.
245 ## - TITLE STATEMENT
Remainder of title Учеб. для хим,спец,вузов
245 ## - TITLE STATEMENT
Statement of responsibility, etc. Под ред,А.Г.Стромберга
250 ## - EDITION STATEMENT
Edition statement 7-е изд
260 ## - PUBLICATION, DISTRIBUTION, ETC.
Place of publication, distribution, etc. Москва
260 ## - PUBLICATION, DISTRIBUTION, ETC.
Name of publisher, distributor, etc. Высшая школа
260 ## - PUBLICATION, DISTRIBUTION, ETC.
Date of publication, distribution, etc. 2009
300 ## - PHYSICAL DESCRIPTION
Extent 527стр,ил,24см
300 ## - PHYSICAL DESCRIPTION
Other physical details библиог,стр 511-515
653 ## - INDEX TERM--UNCONTROLLED
Uncontrolled term Физическая химия
653 ## - INDEX TERM--UNCONTROLLED
Uncontrolled term химия
942 ## - ADDED ENTRY ELEMENTS (KOHA)
Koha item type წიგნი
ეგზემპლარები
Withdrawn status Lost status Damaged status Not for loan Date acquired Barcode Date last seen Price effective from Koha item type
        2018-12-17 40339 2018-12-17 2018-12-17 წიგნი